| 000 | 00791nam a2200277Ia 4500 | ||
|---|---|---|---|
| 001 | Para_5311 | ||
| 003 | CHAP | ||
| 008 | 220125s1922 xx 000 0 und d | ||
| 010 | _a203840 | ||
| 040 | _cCHAP | ||
| 090 | _aPA FOLLETO 2652 | ||
| 100 |
_aHunter, W. D. _956951 |
||
| 245 |
_aThe boll-weevil problem / _c W. D. Hunter and B. R. Coad |
||
| 260 |
_aWashington : _b Department of Agriculture |
||
| 300 | _a31 p. | ||
| 440 |
_aEUA. Dept. of agriculture Farmers'bull.; 1262 _9169765 |
||
| 650 |
_aAnthonomus eugenii Algodón _x Plagas _9169766 |
||
| 700 |
_aCoad, B. R. _923972 |
||
| 901 | _aPA FOLLETO 2652 | ||
| 902 | _aA | ||
| 905 | _a0000001922 WAS 0000000000 00 | ||
| 910 | _a1922 | ||
| 942 | _cPARA | ||
| 942 |
_cPARA _d1 |
||
| 999 |
_c203840 _d203840 |
||